000
00263nam a22001217a 4500
008
181121b xxu||||| |||| 00| 0 eng d
041
_a
eng
080
_a
616-053.2
100
_a
8
101
_a
PED
245
_a
10 years of research
_c
Key, L.L
942
_2
udc
_c
BK
999
_c
52298
_d
52298